Avatar and Legend of Korra Characters Quiz Stats

 Plays Quiz not verified by Sporcle

Challenge
Share
Tweet
Embed
Score 0/118 Timer 15:00
0 Plays Today
% Correct
Katara
94.8%
Avatar Aang
92.4%
Koh the Face Stealer
92.3%
Sokka
90%
Fire Lord Zuko
90%
Tenzin
83.3%
Toph Beifong
83%
Princess Azula
82.4%
Meelo
81.9%
Ikki
81.9%
Appa
81.8%
Avatar Korra
81.8%
King Bumi
81.6%
Uncle Iroh
81.3%
Bolin
81.3%
General Iroh
81.2%
Li
81.2%
Mako
80.8%
Jinora
79.4%
Momo
79.3%
Avatar Roku
78.6%
Phoenix King Ozai
77.9%
Naga
77.6%
Pema
76.3%
Kya
75.4%
Avatar Kyoshi
75.3%
Pabu
75.2%
Kya
74.9%
Noatak 'Amon'
73.9%
Asami Sato
73.3%
Lin Beifong
70.8%
Bumi
70%
Mai
69.6%
Chief Unalaq
69.2%
Ty Lee
66.4%
Avatar Yangchen
65.9%
Princess Yue
65.6%
Chief Tonraq
65.1%
Avatar Wan
64.2%
Eska
64.1%
% Correct
Tarrlok
63.6%
Avatar Kuruk
63.1%
Chief Hakoda
63%
Suki
62.2%
Desna
59%
Rohan
58.6%
Lo
58.6%
Oogi
58.1%
Fire Lord Sozin
57.5%
Haru
57%
Kanna
56.3%
Fire Lord Azulon
55.7%
Monk Gyatso
55.6%
Master Pakku
55.5%
Hama
54.5%
Jet
54.5%
Raava
54.2%
Admiral Zhao
53.8%
Hiroshi Sato
53%
Vaatu
52.9%
Ursa
50.1%
Longshot
49.4%
Smellerbee
46.5%
Chief Arnook
45.6%
The Duke
44.1%
Hei Bai
44.1%
Varrick
44%
The Boulder
43.5%
La
43%
Pipsqueak
42.5%
Yakone
42.3%
Long Feng
42.2%
Master Piandao
42.1%
Earth King Kuei
39.9%
Teo
39.4%
Tui
39.2%
Jeong Jeong
39.2%
Bato
38.9%
'Combustion Man'
38.7%
Zhu Li
38.1%
% Correct
President Kuvira
38.1%
The Mechanist
37.9%
Bosco
35.9%
Tyro
35.9%
Wan Shi Tong
35.6%
June
31.9%
Huu
30.9%
President Raiko
30.9%
The Big Bad Hippo
30.1%
Fang
30.1%
'Shady' Shin
29.4%
Xin Fu
28.9%
Hawky
28.4%
Lieutenant
28.3%
Ran
27.8%
Shiro Shinobi
27.6%
Chief Saikhan
26.7%
Nyla
26.4%
Shaw
25.4%
Flopsie
25%
Due
24.5%
'Lightning Bolt' Zolt
22.8%
Hahn
22.6%
Joo Dee
22%
Lu Ten
21.2%
Guru Pathik
21.1%
Tho
20.9%
Sneers
18.2%
Healer Yugoda
17.3%
Chit Sang
15.3%
Yon Rha
14.6%
Hasook
14.4%
Foo Foo Cuddly Poops
14.3%
Lion Turtle
14.1%
Ta Min
14%
Sister Iloh
12.2%
Professor Zei
11.2%
Miyuki
9.4%

You're not logged in!

Compare scores with friends on all Sporcle quizzes.
Join for Free
OR
Log In

You Might Also Like...

Show Comments

Extras

Top Quizzes Today


Score Distribution

Your Account Isn't Verified!

In order to create a playlist on Sporcle, you need to verify the email address you used during registration. Go to your Sporcle Settings to finish the process.

Report this User

Report this user for behavior that violates our Community Guidelines.

Details: